| 000 | 01500naa a22004097a 4500 | ||
|---|---|---|---|
| 001 | BR7405511 | ||
| 003 | BR-BrBNA | ||
| 005 | 20240918173628.0 | ||
| 007 | ta | ||
| 008 | 230509b bl.||||| |||| 00| 0 por d | ||
| 040 |
_aBR-BrBNA _bpor _cBiblioteca Nacional de Agricultura |
||
| 041 | _a(Pt) | ||
| 072 |
_aF25 _b3372 _b3820 _b3830 _b3810 _bG514 |
||
| 090 | _aF25 BR7405511 | ||
| 100 | 1 | _aLima, M.C.A. | |
| 100 | 1 | _aCorreia, E.B. | |
| 100 | 1 | _aFernandes, A.P.M. | |
| 100 | 1 | _aFarias, I. | |
| 100 | 1 | _aDias, F.M. | |
| 100 | 1 | _aWanderley, M.B. | |
| 111 | 1 |
_a11. Reuniao da Sociedade Brasileira de Zootecnia _cFortaleza, CE (Brazil) _d22 Jul 1974 |
|
| 245 | 1 | _aEfeito do NPK SOBRE A PRODUCAO DA PALMA "GIGANTE" NO MUNICIPIO DE Caruaru, PE [Opuntia ficus; Pernambuco; Brasil] | |
| 260 | 3 |
_aFortaleza, CE (Brasil): _bUniversidade Federal do Ceara, _c1974. |
|
| 500 | _aAnais da 11. Reuniao da Sociedade Brasileira de Zootecnia Fortaleza, CE (Brasil): Universidade Federal do Ceara, 1974. p. 290 (BR7405511-AM)F25 | ||
| 650 | _aFertilidade do solo | ||
| 650 | _aFigueira da Barbaria | ||
| 650 | _aFertilizante fosfatado | ||
| 650 | _aFertilizante nitrogenado | ||
| 650 | _aFertilizante potassico | ||
| 650 | _aNPK | ||
| 650 | _aColheita | ||
| 650 | _aCaruaru | ||
| 650 | _aPernambuco | ||
| 773 | 0 |
_tAnais da 11. Reuniao da Sociedade Brasileira de Zootecnia _wF25 BR7405511 _gFortaleza, CE (Brasil), 1974. p. 290 |
|
| 909 |
_a202404 _bLucia _c55 _dLucia Elande |
||
| 942 |
_cAM _2AGRIS |
||
| 999 |
_c305847 _d305847 |
||